000 01149nam a2200277 a 4500
003 BLK
005 20241004121809.0
008 210525b bu |||||r|||| 00| | bu d
020 _a9786197670240
040 _aBLK
041 _aBUL
_cBUL
080 _aЛитература на Ямайка
_b821.111(729.2)
_z821.111(729.2)-312.9
_9489101
_x312.9
084 _aД 50
100 _9455034
_aДжеймс, Марлон
_d1970-
245 _aЛунна вещица, цар паяк
_cМарлон Джеймс ; прев. от англ. Богдан Русев.
260 _9210561
_aСофия
_bЛабиринт
_c2023
300 _a619 с.
_c22 см
380 _aX
490 _9489257
_aТъмна звезда
_vКн. 2
500 _aОриг. загл.: Moon Witch, Spider King / Marlon James. - Кн. 2 от трилогията Тъмна звезда
700 _aРусев, Богдан Бориславов
_d1975-
_9365584
942 _cKNG
_n0
_s1
_013
944 _k30531
_cТеодора Пейчева-Дянкова
_lЦветелина Шанова
999 _c495381
_d495381
999 _d495381
999 _d495381